DISEÑO Y PLANIFICACIÓN DE MERCADO MUNICIPAL, ÁREA URBANA, SANTA CRUZ VERAPAZ, ALTA VERAPAZ./ (Registro nro. 2099)
[ vista simple ]
| 000 -LEADER | |
|---|---|
| campo de control de longitud fija | 03875nam a22003377a 4500 |
| 001 - NÚMERO DE CONTROL | |
| campo de control | TIC 0014 |
| 003 - IDENTIFICADOR DE NÚMERO DE CONTROL | |
| campo de control | gtcocun |
| 005 - FECHA Y HORA DE LA ÚLTIMA TRANSACCIÓN | |
| campo de control | 20250923183032.0 |
| 006 - CÓDIGOS DE INFORMACIÓN DE LONGITUD FIJA--CARACTERÍSTICAS DEL MATERIAL ADICIONAL | |
| campo de control de longitud fija | a||||gr|||| 00| 0 |
| 007 - CAMPO FIJO DE DESCRIPCIÓN FÍSICA--INFORMACIÓN GENERAL | |
| campo de control de longitud fija | ta |
| 008 - DATOS DE LONGITUD FIJA--INFORMACIÓN GENERAL | |
| campo de control de longitud fija | 250923b2025 gt ||||| m||| 00| 0 eng d |
| 040 ## - FUENTE DE CATALOGACIÓN | |
| Centro catalogador/agencia de origen | gtcocun |
| Lengua de catalogación | SPA |
| Centro/agencia transcriptor | gtcocun |
| Normas de descripción | RDA |
| 041 ## - CÓDIGO DE IDIOMA | |
| Código de lengua del texto/banda sonora o título independiente | SPA TIC 0014 |
| 084 ## - OTRO NÚMERO DE CLASIFICACIÓN | |
| Número de control del registro de autoridad o número normalizado | TIC 0014 |
| 100 ## - ENTRADA PRINCIPAL--NOMBRE DE PERSONA | |
| Nombre de persona | Santos Mutz, Marvin Alexander de los |
| Término indicativo de función/relación | Autor |
| 245 ## - MENCIÓN DEL TÍTULO | |
| Título | DISEÑO Y PLANIFICACIÓN DE MERCADO MUNICIPAL, ÁREA URBANA, SANTA CRUZ VERAPAZ, ALTA VERAPAZ./ |
| Mención de responsabilidad, etc. | Marvin Alexander de los Santos Mutz. |
| Medio | Impreso |
| 264 ## - PRODUCCIÓN, PUBLICACIÓN, DISTRIBUCIÓN, FABRICACIÓN Y COPYRIGHT | |
| Producción, publicación, distribución, fabricación y copyright | Cobán, Alta Verapaz: |
| Nombre del de productor, editor, distribuidor, fabricante | Universidad de San Carlos de Guatemala, Centro Universitario del Norte, Ingeniería Civil |
| Fecha de producción, publicación, distribución, fabricación o copyright | 2022 |
| 300 ## - DESCRIPCIÓN FÍSICA | |
| Extensión | 233 p.: |
| Otras características físicas | Ilustraciones, gráficas. |
| Dimensiones | 28 cm; |
| 300 ## - DESCRIPCIÓN FÍSICA | |
| Dimensiones | |
| 336 ## - TIPO DE CONTENIDO | |
| Fuente | rdacontenido |
| Término de tipo de contenido | Texto |
| Código de tipo de contenido | txt |
| 337 ## - TIPO DE MEDIO | |
| Fuente | rdamedio |
| Nombre/término del tipo de medio | Computadora |
| Código del tipo de medio | n |
| 338 ## - TIPO DE SOPORTE | |
| Fuente | rdasoporte |
| Nombre/término del tipo de soporte | Código en línea |
| Código del tipo de soporte | cr |
| 502 ## - NOTA DE TESIS | |
| identificador de la tesis | TIC 0014 |
| 502 ## - NOTA DE TESIS | |
| Nota de tesis | Tesis de grado |
| Tipo de título | Ingeniería Civil, |
| Nombre de la institución que otorga el título | Universidad de San Carlos de Guatemala, Centro Universitario del Norte, Ingeniería Civil |
| Año de obtención del título | 2022 |
| Identificador de la tesis | TIC 0014 |
| 520 14 - RESUMEN, ETC. | |
| Sumario, etc. | El Ejercicio Profesional Supervisado -EPS- de la carrera de Ingeniería Civil se desarrolló en la municipalidad de Santa Cruz Verapaz, del departamento de Alta Verapaz, en dicha institución se llevó a cabo la planificación del presente informe que se titula Diseño y Planificación de Mercado Municipal en el casco urbano de Santa Cruz Verapaz. Durante<br/>el tiempo de ejecución del Ejercicio Profesional Supervisado se realizaron diversas actividades para obtener un proyecto de calidad, que cumpla los requisitos y normas de construcción vigentes en el país, las cuales se mencionan a continuación:<br/><br/>Se efectuó el levantamiento topográfico del lugar donde se realizará la construcción del mercado municipal, con el fin de obtener datos exactos de su altimetría y planimetría, se extrajo una muestra inalterada de suelo por medio del método de cielo abierto, la cual fue enviada a un laboratorio de mecánica de suelos para obtener sus propiedades físicas y<br/>mecánicas. El análisis sismo resistente de la estructura se desarrolló por el método de la carga estática equivalente, planteada en la norma NSE 3, diseño estructural de edificaciones de la Asociación Guatemalteca de Ingeniería Estructural y Sísmica -AGIES-. Para el análisis estructural del futuro edificio del mercado municipal de Santa Cruz Verapaz se empleó el método de Kani y se evaluó la estructura con el software de cálculo estructural<br/>SAP2000, arrojando un 6.90% de error, un valor aceptable entre ambos métodos.<br/><br/>El diseño estructural de cada uno de los elementos estructurales como no estructurales del edificio resistentes a momentos cortantes y sismo, se realizaron con los predimensionamientos, recubrimientos, tipos de armado, espaciamientos, longitudes de<br/>desarrollo, establecidas por el Instituto Americano del Concreto -ACI- y por las normas NSE 7.1 diseño de edificaciones de concreto reforzado y NSE 7.4 diseño de mampostería reforzada de la Asociación Guatemalteca de Ingeniería Estructural y Sísmica -AGIES-.Se elaboraron cada uno de los planos, especificaciones técnicas, presupuesto y cronogramas de ejecución del proyecto. Por lo que se deberá cumplir con cada uno de los lineamientos<br/>de construcción establecidos, sin realizar ninguna variación al diseño estructural y así garantizar con esto el trabajo óptimo de la estructura. |
| 650 ## - PUNTO DE ACCESO ADICIONAL DE MATERIA--TÉRMINO DE MATERIA | |
| Fuente del encabezamiento o término | LEMB |
| Término de materia o nombre geográfico como elemento de entrada | Santa Cruz Verapaz, Alta Verapaz. |
| Subdivisión general | Ingeniería |
| -- | Normas |
| -- | Especificaciones |
| -- | Ejecución |
| -- | Planificación |
| -- | Estructura |
| 700 ## - ENTRADA AGREGADA--NOMBRE PERSONAL | |
| Nombre de persona | Ing. Civil Marlon Alexander Moran Castro |
| Término indicativo de función/relación | Asesor |
| 856 ## - LOCALIZACIÓN Y ACCESO ELECTRÓNICOS | |
| Identificador Uniforme de Recurso | <a href="https://drive.google.com/file/d/17hP9Dsnv6ylH6-bKIeFVbvBwWmFjjuw6/view">https://drive.google.com/file/d/17hP9Dsnv6ylH6-bKIeFVbvBwWmFjjuw6/view</a> |
| Texto de enlace | |
| Nota pública | Un ejemplar en línea. |
| 942 ## - ELEMENTOS DE ENTRADA SECUNDARIOS (KOHA) | |
| Fuente de la clasificación o esquema de estantería | Clasificación Decimal Dewey |
| Tipo de ítem Koha | TESIS |
| Parte de la signatura que identifica el ejemplar (Parte del ítem) | TIC 0014 |
| Prefijo de la signatura | Clasificación |
| Suprimir en OPAC | No |
| -- | TIC_0014_000000000000000 |
| Estatus retirado | Estado de pérdida | Fuente de la clasificación o esquema de estantería | Estado de daño | No para préstamo | Colección | Biblioteca de origen | Biblioteca actual | Ubicación en estantería | Fecha de adquisición | Número de inventario | Total de préstamos | Signatura topográfica completa | Código de barras | Visto por última vez | Precio de reemplazo | Tipo de ítem Koha |
|---|---|---|---|---|---|---|---|---|---|---|---|---|---|---|---|---|
| Clasificación Decimal Dewey | tesis | BIBLIOTECA- CUNOR -JOSÉ LUIS GONZALES ROSALES | BIBLIOTECA- CUNOR -JOSÉ LUIS GONZALES ROSALES | Colección tesis | 16/09/2025 | TIC 0014 | TIC 0014 | TIC 0014 | 16/09/2025 | 16/09/2025 | TESIS |